01010nam a2200193Ia 4500952010100000999001700101008004100118020001500159050002600174100002900200245007300229260003100302300003400333505034600367519004400713650002900757650002300786942000700809 00104070a11b11d2008-08-22l0oN6679.B6 H3513 2004p11 007255r2012-06-26t1w2012-06-26yLB c71929d71929120626s2004 -gea 000 0 spa d a970718194X aN6679.B6 bH3513 2004 aHanstein, Marianaeautor aBoteroc / Hanstein Mariana; traducción de José, García Aachen aMéxico b: Numenc, 2004 a96 páginasb: ilustraciones aComienzos en Colombia, Medellín y Bogotá Aprendizaje en Europa México: el "eslabón perdido" México y Bogotá El reto de Nueva York ¿Por qué pinta Botero gordos? Deformación como principio formal El taller del artista París, Nueva York, Montecarlo, Pietrasanta América Latina como tema Fernando Botero escultor  aMaterial complementario / d(11 007255) 0aBOTERO FERNANDOy1932 -  0aPINTORESzCOLOMBIA cLB